| 000 | 00000nam##2200000za#4500 |
| 001 | 9.662495 |
| 003 | CaOODSP |
| 005 | 20210615120603 |
| 007 | ta |
| 008 | 150407|2001||||xxc||||| f|0| 0 eng|d |
| 020 | |a0-662-65472-2 |
| 040 | |aCaOODSP|beng |
| 041 | |aeng |
| 041 | |afre |
| 043 | |an-cn--- |
| 086 | 1 |aFA3-27/2001 |
| 110 | 1 |aCanada. |bOffice of the Auditor General. |
| 245 | 10|aPublic Service management reform : |bprogress, setbacks and challenges |
| 260 | |aOttawa - Ontario : |bOffice of the Auditor General of Canada |c2001. |
| 300 | |aEnglish text, v, 61p. In various pagings. : |bgraphs, tables ; |c28 cm. |
| 546 | |aBilingual |
| 563 | |aSoftcover |
| 590 | |a01-12|b2001-03-23 |
| 690 | 07|aPublic service|2gcpds |
| 690 | 07|aManagement|2gcpds |
| 690 | 07|aPublic administration|2gcpds |
| 776 | 0#|tLa réforme de la gestion de la fonction publique : |w(CaOODSP)9.640053 |
| 776 | 0#|tPublic service management reform : |w(CaOODSP)9.695933 |
| 792 | |tLa réforme de la gestion de la fonction publique : |efre|w(CaOODSP)9.662496 |